[Event "Benidorm op U2200 10th"]
[Site "Benidorm"]
[Date "2011.12.05"]
[Round "4"]
[White "Wang Qiu, Jorge"]
[Black "Romero Haro, Florentino"]
[Result "0-1"]
[WhiteElo "1712"]
[BlackElo "1893"]
[PlyCount "42"]
[EventDate "2011.12.02"]
[EventType "swiss"]
[EventRounds "10"]
[EventCountry "ESP"]
[SourceTitle "CBM 145 Extra"]
[Source "ChessBase"]
[SourceDate "2012.01.03"]
[SourceVersion "1"]
[SourceVersionDate "2012.01.03"]
[SourceQuality "1"]

1. e4 d5 2. exd5 Qxd5 3. Nc3 Qa5 4. Nf3 Nf6 5. d4 c6 6. Bd3 Bg4 7. h3 Bh5 8. Bd2 e6 9. 0-0 Nbd7 10. a3 Qc7 11. Qe2 0-0-0 12. b4 Nb6 13. Be3 Nbd5 14. Nxd5 Nxd5 15. c4 Nf4 16. Qd2 Nxh3+ 17. gxh3 Bxf3 18. b5 c5 19. dxc5 Bxc5 20. Bxc5 Qxc5 21. Qc3 Qg5+ 0-1